| 000 | 00358nam a2200145Ia 4500 | ||
|---|---|---|---|
| 008 | 230312s9999||||xx |||||||||||||| ||und|| | ||
| 020 | _a9789696520450 | ||
| 082 |
_a891.4 _bHEE-S |
||
| 100 | _aہیرالڈالبرٹ لیمب | ||
| 245 | 0 | _aسکندرِاعظم | |
| 260 |
_bJamhori _apak _c2016 |
||
| 300 | _a320 | ||
| 650 | _aUrdu Literature | ||
| 942 | _cBK | ||
| 999 |
_c13473 _d13473 |
||